ARRUPE JESUIT UNIVERSITY

CORONAVIRUS -STOP THE SPREAD - CLEAN,DISINFECT,COVER

Increase your word power (Record no. 121856)

MARC details
000 -LEADER
fixed length control field 00501nam a22001577a 4500
008 - FIXED-LENGTH DATA ELEMENTS--GENERAL INFORMATION
fixed length control field 150121b xxu||||| |||| 00| 0 eng d
020 ## - INTERNATIONAL STANDARD BOOK NUMBER
International Standard Book Number 9780600568766
050 ## - LIBRARY OF CONGRESS CALL NUMBER
Classification number LB1631.C981
100 ## - MAIN ENTRY--PERSONAL NAME
Personal name Curtis, Stephen
9 (RLIN) 14497
245 ## - TITLE STATEMENT
Title Increase your word power
Remainder of title hamlyn help yorself guide
Statement of responsibility, etc Stephen Curtis
260 ## - PUBLICATION, DISTRIBUTION, ETC. (IMPRINT)
Place of publication, distribution, etc London
Name of publisher, distributor, etc Hamlyn
Date of publication, distribution, etc 1990
300 ## - PHYSICAL DESCRIPTION
Extent 127p. ;
Dimensions 20cm.
650 ## - SUBJECT ADDED ENTRY--TOPICAL TERM
Topical term or geographic name as entry element Vocabulary
General subdivision study and teaching (secondary)
9 (RLIN) 14498
650 ## - SUBJECT ADDED ENTRY--TOPICAL TERM
Topical term or geographic name as entry element Multiple intelligence
9 (RLIN) 14499
942 ## - ADDED ENTRY ELEMENTS (KOHA)
Source of classification or shelving scheme Library of Congress Classification
Item type Monograph ( Printed materials)
Holdings
Withdrawn status Lost status Source of classification or shelving scheme Damaged status Not for loan Collection code Home library Current library Shelving location Date acquired Total Checkouts Full call number Barcode Date last seen Price effective from Koha item type
    Library of Congress Classification     Main Collection ARRUPE LIBRARY ARRUPE LIBRARY Main Collection 21/01/2015   LB1631.C981 46500003043 28/06/2018 21/01/2015 Monograph ( Printed materials)

 

Arrupe Library. PO Box MP320 Mt Pleasant, Harare, Zimbabwe
263 242 745411|librarian@aju.ac.zw